000 00449nam a2200181Ia 4500
001 19702
005 20260306172712.0
008 260306t2007||||xx |||||||||||||| ||spa||
041 _aESP
082 _a341
_bG36
100 _aGény, François
_eAUT
245 0 _aLa libertad en el derecho:
_bentre certeza e incertidumbre
260 _c2007
300 _a125 páginas :
_c22 cm.
650 _aGEN
654 _aCDE
942 _cLIB
_dJUS
_fJUS
_2ddc
_n
999 _c19702
_d19702